<?xml version="1.0" encoding="UTF-8"?>
<record
    xmlns:xsi="http://www.w3.org/2001/XMLSchema-instance"
    xsi:schemaLocation="http://www.loc.gov/MARC21/slim http://www.loc.gov/standards/marcxml/schema/MARC21slim.xsd"
    xmlns="http://www.loc.gov/MARC21/slim">

  <leader>01412cas a22003377a 4500</leader>
  <controlfield tag="005">20220329142109.0</controlfield>
  <controlfield tag="008">990622d19651968mx qr pernn   0 uub1spa d</controlfield>
  <datafield tag="010" ind1=" " ind2=" ">
    <subfield code="a">78393</subfield>
  </datafield>
  <datafield tag="011" ind1=" " ind2=" ">
    <subfield code="a">79365</subfield>
  </datafield>
  <datafield tag="022" ind1="1" ind2=" ">
    <subfield code="a">0187-5191</subfield>
  </datafield>
  <datafield tag="035" ind1=" " ind2=" ">
    <subfield code="a">89587</subfield>
  </datafield>
  <datafield tag="245" ind1="0" ind2="0">
    <subfield code="a">Bolet&#xED;n del Comit&#xE9; Directivo Agr&#xED;cola de los Distritos de Riego Nos. 35,36 y 65 R&#xED;o La Antigua, La Boticaria y R&#xED;o Actopan</subfield>
    <subfield code="c">/por Secretar&#xED;a de Agricultura y Recursos Hid&#xE1;ulicos</subfield>
  </datafield>
  <datafield tag="260" ind1="0" ind2=" ">
    <subfield code="a">Villa Jos&#xE9; Cardel, Ver. :</subfield>
    <subfield code="b">Secretar&#xED;a de Agricultura y Recursos Hidr&#xE1;ulicos,</subfield>
    <subfield code="c">1965-1968.</subfield>
  </datafield>
  <datafield tag="300" ind1=" " ind2=" ">
    <subfield code="a">v.</subfield>
  </datafield>
  <datafield tag="310" ind1=" " ind2=" ">
    <subfield code="a">Trimestral</subfield>
  </datafield>
  <datafield tag="362" ind1="1" ind2=" ">
    <subfield code="a">v.4 n.2,1968.</subfield>
  </datafield>
  <datafield tag="590" ind1=" " ind2=" ">
    <subfield code="a">BATCH-UPD</subfield>
    <subfield code="b">10</subfield>
    <subfield code="c">20130110</subfield>
    <subfield code="l">UCH01</subfield>
    <subfield code="h">0510</subfield>
  </datafield>
  <datafield tag="590" ind1=" " ind2=" ">
    <subfield code="a">BATCH-UPD</subfield>
    <subfield code="b">10</subfield>
    <subfield code="c">20130110</subfield>
    <subfield code="l">UCH01</subfield>
    <subfield code="h">2339</subfield>
  </datafield>
  <datafield tag="590" ind1=" " ind2=" ">
    <subfield code="a">BATCH-UPD</subfield>
    <subfield code="b">10</subfield>
    <subfield code="c">20130410</subfield>
    <subfield code="l">UCH01</subfield>
    <subfield code="h">0148</subfield>
  </datafield>
  <datafield tag="590" ind1=" " ind2=" ">
    <subfield code="a">BATCH-UPD</subfield>
    <subfield code="b">10</subfield>
    <subfield code="c">20130410</subfield>
    <subfield code="l">UCH01</subfield>
    <subfield code="h">1628</subfield>
  </datafield>
  <datafield tag="590" ind1=" " ind2=" ">
    <subfield code="a">BATCH-UPD</subfield>
    <subfield code="b">10</subfield>
    <subfield code="c">20130914</subfield>
    <subfield code="l">UCH01</subfield>
    <subfield code="h">1209</subfield>
  </datafield>
  <datafield tag="590" ind1=" " ind2=" ">
    <subfield code="a">CONVERSION</subfield>
    <subfield code="b">10</subfield>
    <subfield code="c">20130109</subfield>
    <subfield code="l">UCH01</subfield>
    <subfield code="h">1343</subfield>
  </datafield>
  <datafield tag="650" ind1="1" ind2="4">
    <subfield code="a">Distrito de Riego La Boticaria, Ver.</subfield>
    <subfield code="x">Publicaciones peri&#xF3;dicas.</subfield>
    <subfield code="9">32898</subfield>
  </datafield>
  <datafield tag="650" ind1="1" ind2="4">
    <subfield code="a">Distrito de Riego R&#xED;o Actopan, Ver.</subfield>
    <subfield code="x">Publicaciones peri&#xF3;dicas.</subfield>
    <subfield code="9">32914</subfield>
  </datafield>
  <datafield tag="650" ind1="1" ind2="4">
    <subfield code="a">Distrito de Riego R&#xED;o La Antigua, Ver.</subfield>
    <subfield code="x">Publicaciones peri&#xF3;dicas.</subfield>
    <subfield code="9">32923</subfield>
  </datafield>
  <datafield tag="650" ind1="1" ind2="4">
    <subfield code="a">Irrigaci&#xF3;n</subfield>
    <subfield code="x">Publicaciones peri&#xF3;dicas.</subfield>
    <subfield code="9">60475</subfield>
  </datafield>
  <datafield tag="866" ind1=" " ind2=" ">
    <subfield code="a">v.1 n.1-6 (1965)</subfield>
  </datafield>
  <datafield tag="866" ind1=" " ind2=" ">
    <subfield code="a">v.2 n.1-v.4 n.2 (1966-1968)</subfield>
  </datafield>
  <datafield tag="901" ind1=" " ind2=" ">
    <subfield code="a">SE</subfield>
  </datafield>
  <datafield tag="905" ind1=" " ind2=" ">
    <subfield code="a">Ma. del Socorro Iturbe C.</subfield>
  </datafield>
  <datafield tag="999" ind1=" " ind2=" ">
    <subfield code="c">78393</subfield>
    <subfield code="d">78393</subfield>
  </datafield>
  <datafield tag="952" ind1=" " ind2=" ">
    <subfield code="0">0</subfield>
    <subfield code="1">0</subfield>
    <subfield code="2">local</subfield>
    <subfield code="4">0</subfield>
    <subfield code="5">1</subfield>
    <subfield code="7">0</subfield>
    <subfield code="8">PS</subfield>
    <subfield code="a">BC</subfield>
    <subfield code="b">BC</subfield>
    <subfield code="c">PB_PS</subfield>
    <subfield code="d">2024-10-11</subfield>
    <subfield code="h">Vol. 1, No. 1, Enero/Febrero 1965</subfield>
    <subfield code="l">0</subfield>
    <subfield code="o">Revista</subfield>
    <subfield code="p">BC-H-00016882</subfield>
    <subfield code="r">2024-10-11 12:55:46</subfield>
    <subfield code="w">2024-10-11</subfield>
    <subfield code="y">ISSUE</subfield>
  </datafield>
  <datafield tag="952" ind1=" " ind2=" ">
    <subfield code="0">0</subfield>
    <subfield code="1">0</subfield>
    <subfield code="2">local</subfield>
    <subfield code="4">0</subfield>
    <subfield code="5">1</subfield>
    <subfield code="7">0</subfield>
    <subfield code="8">PS</subfield>
    <subfield code="a">BC</subfield>
    <subfield code="b">BC</subfield>
    <subfield code="c">PB_PS</subfield>
    <subfield code="d">2024-10-11</subfield>
    <subfield code="h">Vol. 1, No. 2, Marzo/Abril 1965</subfield>
    <subfield code="l">0</subfield>
    <subfield code="o">Revista</subfield>
    <subfield code="p">BC-H-00016883</subfield>
    <subfield code="r">2024-10-11 12:55:46</subfield>
    <subfield code="w">2024-10-11</subfield>
    <subfield code="y">ISSUE</subfield>
  </datafield>
  <datafield tag="952" ind1=" " ind2=" ">
    <subfield code="0">0</subfield>
    <subfield code="1">0</subfield>
    <subfield code="2">local</subfield>
    <subfield code="4">0</subfield>
    <subfield code="5">1</subfield>
    <subfield code="7">0</subfield>
    <subfield code="8">PS</subfield>
    <subfield code="a">BC</subfield>
    <subfield code="b">BC</subfield>
    <subfield code="c">PB_PS</subfield>
    <subfield code="d">2024-10-11</subfield>
    <subfield code="h">No. 3, Mayo/Junio 1965</subfield>
    <subfield code="l">0</subfield>
    <subfield code="o">Revista</subfield>
    <subfield code="p">BC-H-00016884</subfield>
    <subfield code="r">2024-10-11 12:55:46</subfield>
    <subfield code="w">2024-10-11</subfield>
    <subfield code="y">ISSUE</subfield>
  </datafield>
  <datafield tag="952" ind1=" " ind2=" ">
    <subfield code="0">0</subfield>
    <subfield code="1">0</subfield>
    <subfield code="2">local</subfield>
    <subfield code="4">0</subfield>
    <subfield code="5">1</subfield>
    <subfield code="7">0</subfield>
    <subfield code="8">PS</subfield>
    <subfield code="a">BC</subfield>
    <subfield code="b">BC</subfield>
    <subfield code="c">PB_PS</subfield>
    <subfield code="d">2024-10-11</subfield>
    <subfield code="h">Vol. 1, No. 4, Julio/Agosto 1965</subfield>
    <subfield code="l">0</subfield>
    <subfield code="o">Revista</subfield>
    <subfield code="p">BC-H-00016885</subfield>
    <subfield code="r">2024-10-11 13:05:19</subfield>
    <subfield code="w">2024-10-11</subfield>
    <subfield code="y">ISSUE</subfield>
  </datafield>
  <datafield tag="952" ind1=" " ind2=" ">
    <subfield code="0">0</subfield>
    <subfield code="1">0</subfield>
    <subfield code="2">local</subfield>
    <subfield code="4">0</subfield>
    <subfield code="5">1</subfield>
    <subfield code="7">0</subfield>
    <subfield code="8">PS</subfield>
    <subfield code="a">BC</subfield>
    <subfield code="b">BC</subfield>
    <subfield code="c">PB_PS</subfield>
    <subfield code="d">2024-10-11</subfield>
    <subfield code="h">Vol. 1, No. 5-6, Septiembre/Diciembre 1965</subfield>
    <subfield code="l">0</subfield>
    <subfield code="o">Revista</subfield>
    <subfield code="p">BC-H-00016886</subfield>
    <subfield code="r">2024-10-11 13:05:19</subfield>
    <subfield code="w">2024-10-11</subfield>
    <subfield code="y">ISSUE</subfield>
  </datafield>
  <datafield tag="952" ind1=" " ind2=" ">
    <subfield code="0">0</subfield>
    <subfield code="1">0</subfield>
    <subfield code="2">local</subfield>
    <subfield code="4">0</subfield>
    <subfield code="5">1</subfield>
    <subfield code="7">0</subfield>
    <subfield code="8">PS</subfield>
    <subfield code="a">BC</subfield>
    <subfield code="b">BC</subfield>
    <subfield code="c">PB_PS</subfield>
    <subfield code="d">2024-10-11</subfield>
    <subfield code="h">Vol. 2, No. 1, Enero/Febrero 1966</subfield>
    <subfield code="l">0</subfield>
    <subfield code="o">Revista</subfield>
    <subfield code="p">BC-H-00016887</subfield>
    <subfield code="r">2024-10-11 13:05:19</subfield>
    <subfield code="w">2024-10-11</subfield>
    <subfield code="y">ISSUE</subfield>
  </datafield>
  <datafield tag="952" ind1=" " ind2=" ">
    <subfield code="0">0</subfield>
    <subfield code="1">0</subfield>
    <subfield code="2">local</subfield>
    <subfield code="4">0</subfield>
    <subfield code="5">1</subfield>
    <subfield code="7">0</subfield>
    <subfield code="8">PS</subfield>
    <subfield code="a">BC</subfield>
    <subfield code="b">BC</subfield>
    <subfield code="c">PB_PS</subfield>
    <subfield code="d">2024-10-11</subfield>
    <subfield code="h">Vol. 2, No. 2, Marzo/Mayo 1966</subfield>
    <subfield code="l">0</subfield>
    <subfield code="o">Revista</subfield>
    <subfield code="p">BC-H-00016888</subfield>
    <subfield code="r">2024-10-11 13:05:19</subfield>
    <subfield code="w">2024-10-11</subfield>
    <subfield code="y">ISSUE</subfield>
  </datafield>
  <datafield tag="952" ind1=" " ind2=" ">
    <subfield code="0">0</subfield>
    <subfield code="1">0</subfield>
    <subfield code="2">local</subfield>
    <subfield code="4">0</subfield>
    <subfield code="5">1</subfield>
    <subfield code="7">0</subfield>
    <subfield code="8">PS</subfield>
    <subfield code="a">BC</subfield>
    <subfield code="b">BC</subfield>
    <subfield code="c">PB_PS</subfield>
    <subfield code="d">2024-10-11</subfield>
    <subfield code="h">Vol. 2, No. 3, Junio/Septiembre 1966</subfield>
    <subfield code="l">0</subfield>
    <subfield code="o">Revista</subfield>
    <subfield code="p">BC-H-00016889</subfield>
    <subfield code="r">2024-10-11 13:25:52</subfield>
    <subfield code="w">2024-10-11</subfield>
    <subfield code="y">ISSUE</subfield>
  </datafield>
  <datafield tag="952" ind1=" " ind2=" ">
    <subfield code="0">0</subfield>
    <subfield code="1">0</subfield>
    <subfield code="2">local</subfield>
    <subfield code="4">0</subfield>
    <subfield code="5">1</subfield>
    <subfield code="7">0</subfield>
    <subfield code="8">PS</subfield>
    <subfield code="a">BC</subfield>
    <subfield code="b">BC</subfield>
    <subfield code="c">PB_PS</subfield>
    <subfield code="d">2024-10-11</subfield>
    <subfield code="h">Vol. 2, No. 4, Octubre/Diciembre 1966</subfield>
    <subfield code="l">0</subfield>
    <subfield code="o">Revista</subfield>
    <subfield code="p">BC-H-00016890</subfield>
    <subfield code="r">2024-10-11 13:25:52</subfield>
    <subfield code="w">2024-10-11</subfield>
    <subfield code="y">ISSUE</subfield>
  </datafield>
  <datafield tag="952" ind1=" " ind2=" ">
    <subfield code="0">0</subfield>
    <subfield code="1">0</subfield>
    <subfield code="2">local</subfield>
    <subfield code="4">0</subfield>
    <subfield code="5">1</subfield>
    <subfield code="7">0</subfield>
    <subfield code="8">PS</subfield>
    <subfield code="a">BC</subfield>
    <subfield code="b">BC</subfield>
    <subfield code="c">PB_PS</subfield>
    <subfield code="d">2024-10-11</subfield>
    <subfield code="h">Vol. 3, No. 1, Enero/Marzo 1967</subfield>
    <subfield code="l">0</subfield>
    <subfield code="o">Revista</subfield>
    <subfield code="p">BC-H-00016891</subfield>
    <subfield code="r">2024-10-11 13:30:20</subfield>
    <subfield code="w">2024-10-11</subfield>
    <subfield code="y">ISSUE</subfield>
  </datafield>
  <datafield tag="952" ind1=" " ind2=" ">
    <subfield code="0">0</subfield>
    <subfield code="1">0</subfield>
    <subfield code="2">local</subfield>
    <subfield code="4">0</subfield>
    <subfield code="5">1</subfield>
    <subfield code="7">0</subfield>
    <subfield code="8">PS</subfield>
    <subfield code="a">BC</subfield>
    <subfield code="b">BC</subfield>
    <subfield code="c">PB_PS</subfield>
    <subfield code="d">2024-10-11</subfield>
    <subfield code="h">Vol. 3, No. 2, Abril/Junio 1967</subfield>
    <subfield code="l">0</subfield>
    <subfield code="o">Revista</subfield>
    <subfield code="p">BC-H-00016892</subfield>
    <subfield code="r">2024-10-11 13:30:20</subfield>
    <subfield code="w">2024-10-11</subfield>
    <subfield code="y">ISSUE</subfield>
  </datafield>
  <datafield tag="952" ind1=" " ind2=" ">
    <subfield code="0">0</subfield>
    <subfield code="1">0</subfield>
    <subfield code="2">local</subfield>
    <subfield code="4">0</subfield>
    <subfield code="5">1</subfield>
    <subfield code="7">0</subfield>
    <subfield code="8">PS</subfield>
    <subfield code="a">BC</subfield>
    <subfield code="b">BC</subfield>
    <subfield code="c">PB_PS</subfield>
    <subfield code="d">2024-10-11</subfield>
    <subfield code="h">Vol. 3, No. 3, Julio/Septiembre 1967</subfield>
    <subfield code="l">0</subfield>
    <subfield code="o">Revista</subfield>
    <subfield code="p">BC-H-00016893</subfield>
    <subfield code="r">2024-10-11 13:30:20</subfield>
    <subfield code="w">2024-10-11</subfield>
    <subfield code="y">ISSUE</subfield>
  </datafield>
  <datafield tag="952" ind1=" " ind2=" ">
    <subfield code="0">0</subfield>
    <subfield code="1">0</subfield>
    <subfield code="2">local</subfield>
    <subfield code="4">0</subfield>
    <subfield code="5">1</subfield>
    <subfield code="7">0</subfield>
    <subfield code="8">PS</subfield>
    <subfield code="a">BC</subfield>
    <subfield code="b">BC</subfield>
    <subfield code="c">PB_PS</subfield>
    <subfield code="d">2024-10-11</subfield>
    <subfield code="h">Vol. 3, No. 4, Octubre/Diciembre 1967</subfield>
    <subfield code="l">0</subfield>
    <subfield code="o">Revista</subfield>
    <subfield code="p">BC-H-00016894</subfield>
    <subfield code="r">2024-10-11 13:30:20</subfield>
    <subfield code="w">2024-10-11</subfield>
    <subfield code="y">ISSUE</subfield>
  </datafield>
  <datafield tag="952" ind1=" " ind2=" ">
    <subfield code="0">0</subfield>
    <subfield code="1">0</subfield>
    <subfield code="2">local</subfield>
    <subfield code="4">0</subfield>
    <subfield code="5">1</subfield>
    <subfield code="7">0</subfield>
    <subfield code="8">PS</subfield>
    <subfield code="a">BC</subfield>
    <subfield code="b">BC</subfield>
    <subfield code="c">PB_PS</subfield>
    <subfield code="d">2024-10-11</subfield>
    <subfield code="h">Vol. 4, No. 1, Enero/Marzo 1968</subfield>
    <subfield code="l">0</subfield>
    <subfield code="o">Revista</subfield>
    <subfield code="p">BC-H-00016895</subfield>
    <subfield code="r">2024-10-11 13:30:20</subfield>
    <subfield code="w">2024-10-11</subfield>
    <subfield code="y">ISSUE</subfield>
  </datafield>
  <datafield tag="952" ind1=" " ind2=" ">
    <subfield code="0">0</subfield>
    <subfield code="1">0</subfield>
    <subfield code="2">local</subfield>
    <subfield code="4">0</subfield>
    <subfield code="5">1</subfield>
    <subfield code="7">0</subfield>
    <subfield code="8">PS</subfield>
    <subfield code="a">BC</subfield>
    <subfield code="b">BC</subfield>
    <subfield code="c">PB_PS</subfield>
    <subfield code="d">2024-10-11</subfield>
    <subfield code="h">Vol. 4, No. 2, Abril/Junio 1968</subfield>
    <subfield code="l">0</subfield>
    <subfield code="o">Revista</subfield>
    <subfield code="p">BC-H-00016896</subfield>
    <subfield code="r">2024-10-11 13:30:20</subfield>
    <subfield code="w">2024-10-11</subfield>
    <subfield code="y">ISSUE</subfield>
  </datafield>
</record>
